Statistics for Countries smaller than Delaware

Click here to take the quiz!

General Stats

  • This quiz has been taken 10 times
  • The average score is 27 of 32

Answer Stats

Area in miles squaredAnswer% Correct
181Andorra
100%
1557Cape Verde
100%
62Liechtenstein
100%
0.78Monaco
100%
178Palau
100%
0.17Vatican City
100%
171Antigua and Barbuda
89%
133Grenada
89%
313Kiribati
89%
998Luxembourg
89%
116Maldives
89%
122Malta
89%
8Nauru
89%
104Saint Kitts And Nevis
89%
150Saint Vincent and the Grenadines
89%
24San Marino
89%
386Sao Tome and Principe
89%
176Seychelles
89%
1981Trinidad and Tobago
89%
10Tuvalu
89%
2226Brunei
78%
863Comoros
78%
70Marshall Islands
78%
788Mauritius
78%
271Micronesia
78%
238Saint Lucia
78%
278Singapore
78%
288Tonga
78%
290Dominica
67%
1097Samoa
67%
301Bahrain
56%
166Barbados
56%

Score Distribution

Percentile by Number Answered

Percent of People with Each Score

Your Score History

You have not taken this quiz